[Event "Ille et Vilaine-ch 1112"]
[Site "Ile et Vilaine"]
[Date "2011.12.03"]
[Round "3.4"]
[White "Radovanovic, Vanja"]
[Black "Sinnas, Albert"]
[Result "1-0"]
[WhiteElo "1499"]
[BlackElo "1812"]
[PlyCount "89"]
[EventDate "2012.10.??"]
[EventType "swiss"]
[EventRounds "7"]
[EventCountry "FRA"]
[SourceTitle "EXT 2014"]
[Source "ChessBase"]
[SourceDate "2013.11.20"]
[SourceVersion "1"]
[SourceVersionDate "2013.11.20"]
[SourceQuality "1"]

1. d4 d5 2. c4 c6 3. Nc3 Nf6 4. Nf3 e6 5. Bg5 Nbd7 6. e3 Qa5 7. Bxf6 Nxf6 8. Bd3 Bb4 9. Qc2 dxc4 10. Bxc4 Nd5 11. Bxd5 exd5 12. 0-0 0-0 13. a3 Bxc3 14. bxc3 g6 15. Nh4 Qd8 16. g3 Bh3 17. Rfe1 Qf6 18. Ng2 Bf5 19. Qe2 Rfe8 20. Qf3 Kg7 21. Nf4 h5 22. Qe2 Re7 23. f3 Rae8 24. Qd2 Qg5 25. Kf2 h4 26. g4 Bc8 27. Nh3 Qf6 28. Nf4 Rxe3 29. Rxe3 Qxf4 30. Ke2 Qxh2+ 31. Kd3 Qxd2+ 32. Kxd2 Rxe3 33. Kxe3 g5 34. f4 Bxg4 35. Rg1 f5 36. fxg5 Kg6 37. Kf4 h3 38. Rb1 b5 39. Ra1 a6 40. Re1 Kf7 41. a4 bxa4 42. Ra1 Kg6 43. Rxa4 Be2 44. Ra1 Kh5 45. Kxf5 1-0

[Event "Angers op 3rd"]
[Site "Angers"]
[Date "2008.04.25"]
[Round "2"]
[White "Duval, Michel"]
[Black "Sinnas, Albert"]
[Result "1-0"]
[WhiteElo "1878"]
[BlackElo "1677"]
[PlyCount "89"]
[EventDate "2008.04.25"]
[EventType "swiss"]
[EventRounds "6"]
[EventCountry "FRA"]
[SourceTitle "CBM 123 Extra"]
[Source "ChessBase"]
[SourceDate "2008.05.06"]
[SourceVersion "1"]
[SourceVersionDate "2008.05.06"]
[SourceQuality "1"]

1. e4 d5 2. exd5 Nf6 3. Bb5+ Bd7 4. Bc4 b5 5. Bb3 Bg4 6. f3 Bf5 7. a4 b4 8. c4 c6 9. d4 cxd5 10. c5 Nc6 11. Ne2 e5 12. Be3 Be7 13. 0-0 0-0 14. Bc2 Bxc2 15. Qxc2 Rc8 16. Nd2 Qc7 17. Nb3 exd4 18. Nexd4 Nxd4 19. Bxd4 Nd7 20. Rfc1 Qf4 21. Qf2 Ne5 22. Qe3 Qxe3+ 23. Bxe3 Nc4 24. Bd4 Rc7 25. Rc2 Re8 26. Re1 f6 27. Rce2 Kf7 28. Re6 Rec8 29. R1e2 Bf8 30. Ra6 Re8 31. Rxe8 Kxe8 32. Re6+ Kd7 33. Re2 Rc6 34. Kf2 a6 35. f4 f5 36. Kf3 g6 37. h3 Be7 38. g4 Re6 39. Rxe6 Kxe6 40. g5 Kd7 41. Ke2 Bd8 42. Kd3 Bc7 43. Bf6 Bxf4 44. Na1 Nxb2+ 45. Bxb2 1-0